[Event "POL-chT3 Dolnoslaskie 1314"]
[Site "Poland"]
[Date "2013.12.01"]
[Round "4.13"]
[White "Grzesik, Norbert"]
[Black "Szczepaniak, Lukasz"]
[Result "0-1"]
[WhiteElo "1908"]
[BlackElo "2018"]
[PlyCount "100"]
[EventDate "2013.10.20"]
[EventType "team-tourn"]
[EventRounds "11"]
[EventCountry "POL"]
[SourceTitle "EXT 2018"]
[Source "ChessBase"]
[SourceDate "2017.10.13"]
[SourceVersion "1"]
[SourceVersionDate "2017.10.13"]
[SourceQuality "1"]
[WhiteTeam "Olesnica Pogon"]
[BlackTeam "Gant Hetman"]
[WhiteTeamCountry "POL"]
[BlackTeamCountry "POL"]

1. e4 e5 2. Nf3 Nc6 3. Bc4 Bc5 4. 0-0 Nf6 5. d4 Bxd4 6. Nxd4 Nxd4 7. f4 d6 8. fxe5 dxe5 9. Bg5 Be6 10. Na3 Qe7 11. Bxf6 gxf6 12. c3 Nc6 13. b4 a5 14. Bxe6 fxe6 15. b5 Nd8 16. Nc2 Nf7 17. Qf3 Ng5 18. Qxf6 Qxf6 19. Rxf6 Ke7 20. Rh6 Rad8 21. Ne3 Nxe4 22. Nc4 Nxc3 23. Nxa5 Rd5 24. a4 b6 25. Nc6+ Kd6 26. g4 e4 27. Re1 Rd3 28. g5 e3 29. Nb4 Rd1 30. Rxd1+ Nxd1 31. Kf1 Nc3 32. Nc2 e2+ 33. Ke1 Ra8 34. Rxh7 Rxa4 35. Rh3 Nd5 36. Rg3 Ra2 37. Ne3 Nf4 38. Ng2 Ra1+ 39. Kf2 Nxg2 40. Kxe2 Nf4+ 41. Kf3 Nh5 42. Rh3 Ra3+ 43. Kg4 Rxh3 44. Kxh3 Ke5 45. Kg4 Nf4 46. h4 Nd5 47. h5 Ne7 48. h6 Ng6 49. h7 Nh8 50. Kh5 Kf5 0-1

[Event "Lublin Zukertort Memorial 5th"]
[Site "Lublin"]
[Date "2013.06.??"]
[Round "6"]
[White "Polkowski, Piotr"]
[Black "Szczepaniak, Lukasz"]
[Result "1/2-1/2"]
[WhiteElo "2182"]
[BlackElo "2009"]
[PlyCount "108"]
[EventDate "2013.06.24"]
[EventType "swiss"]
[EventRounds "9"]
[EventCountry "POL"]
[SourceTitle "EXT 2014"]
[Source "ChessBase"]
[SourceDate "2013.11.20"]
[SourceVersion "1"]
[SourceVersionDate "2013.11.20"]
[SourceQuality "1"]

1. e4 e5 2. Nf3 Nc6 3. d4 exd4 4. Nxd4 Bc5 5. Nxc6 Qf6 6. Qf3 Qxf3 7. gxf3 bxc6 8. Nc3 Ne7 9. Na4 Bd6 10. Be3 Ng6 11. 0-0-0 Bf4 12. Nc5 d6 13. Nd3 Bxe3+ 14. fxe3 a5 15. Rg1 0-0 16. Rg3 Re8 17. Be2 Ne5 18. Rdg1 Nxd3+ 19. Bxd3 g6 20. Bc4 Be6 21. Bxe6 Rxe6 22. Kd2 Rb8 23. Rg5 c5 24. Kc3 h6 25. Rd5 Kf8 26. Rgd1 Ke7 27. e5 f6 28. exd6+ cxd6 29. e4 Rb6 30. b3 Re5 31. a3 Ke6 32. Kc4 h5 33. c3 f5 34. exf5+ Rxf5 35. Rxf5 Kxf5 36. b4 axb4 37. axb4 cxb4 38. cxb4 Kf4 39. Rd3 g5 40. b5 g4 41. fxg4 hxg4 42. Kb4 Ke4 43. Rg3 Kf4 44. Ka5 Rb8 45. b6 Rh8 46. Rg2 Kf3 47. Rb2 d5 48. b7 d4 49. Rb3+ Ke2 50. Rb2+ Ke3 51. b8Q Rxb8 52. Rxb8 d3 53. Re8+ Kf2 54. Rd8 Ke2 1/2-1/2

[Event "Lublin Zukertort Memorial 5th"]
[Site "Lublin"]
[Date "2013.06.??"]
[Round "1"]
[White "Szczepaniak, Lukasz"]
[Black "Paluch, Andrzej"]
[Result "1-0"]
[WhiteElo "2009"]
[BlackElo "1548"]
[PlyCount "57"]
[EventDate "2013.06.24"]
[EventType "swiss"]
[EventRounds "9"]
[EventCountry "POL"]
[SourceTitle "EXT 2014"]
[Source "ChessBase"]
[SourceDate "2013.11.20"]
[SourceVersion "1"]
[SourceVersionDate "2013.11.20"]
[SourceQuality "1"]

1. e4 c6 2. d4 d5 3. f3 e6 4. Nc3 Bb4 5. Nge2 Nf6 6. Qd3 dxe4 7. fxe4 Nbd7 8. a3 Be7 9. Bf4 c5 10. Nb5 e5 11. dxe5 Nh5 12. e6 fxe6 13. Nc7+ Kf7 14. Nxa8 Nxf4 15. Nxf4 Ne5 16. Qxd8 Bxd8 17. Be2 c4 18. 0-0 Ke7 19. b4 b6 20. Bf3 Bb7 21. Nxb6 Bxb6+ 22. Kh1 Rd8 23. Rad1 Rxd1 24. Bxd1 Kd6 25. Nh5 g5 26. Ng3 Ng6 27. Rf7 Bc6 28. Be2 Ne5 29. Rxh7 1-0